[Event "DEN-ch sf7"]
[Site "Svendborg"]
[Date "2024.03.29"]
[Round "5"]
[White "Olsen, Birger1"]
[Black "Rasmussen, Bjarne Meldgaard"]
[Result "1/2-1/2"]
[WhiteElo "1938"]
[BlackElo "1914"]
[PlyCount "33"]
[EventDate "2024.03.29"]
[EventType "swiss"]
[EventRounds "7"]
[EventCountry "DEN"]
[SourceTitle "CB16_2024"]
[SourceDate "2024.04.17"]
[SourceVersion "1"]
[SourceVersionDate "2024.04.17"]
[SourceQuality "1"]

1. e4 e5 2. Nf3 Nc6 3. g3 Nf6 4. d3 Be7 5. Bg2 0-0 6. Nbd2 d6 7. Nc4 h6 8. Ne3 Be6 9. Nh4 Re8 10. Nef5 Bf8 11. Bd2 Kh7 12. 0-0 g6 13. Ne3 Qd7 14. f4 exf4 15. Rxf4 Nh5 16. Rf2 Bg7 17. Bc3 1/2-1/2

[Event "Esbjerg Autumn 2nd"]
[Site "Esbjerg"]
[Date "2019.10.20"]
[Round "6"]
[White "Lindgaard, Tobias Simon"]
[Black "Rasmussen, Bjarne Meldgaard"]
[Result "0-1"]
[WhiteElo "1789"]
[BlackElo "1913"]
[PlyCount "78"]
[EventDate "2019.10.18"]
[EventType "swiss"]
[EventRounds "7"]
[EventCountry "DEN"]
[SourceTitle "CBM 192 Extra"]
[Source "Chessbase"]
[SourceDate "2019.11.06"]
[SourceVersion "1"]
[SourceVersionDate "2019.11.06"]
[SourceQuality "1"]

1. Nc3 e5 2. e3 d5 3. d4 e4 4. f3 Nf6 5. fxe4 dxe4 6. Bc4 c6 7. a4 Bd6 8. Nge2 Qc7 9. Nf4 Bg4 10. Be2 Bxe2 11. Qxe2 Nbd7 12. h4 h5 13. Bd2 0-0-0 14. a5 Bxf4 15. exf4 e3 16. Bxe3 Ng4 17. 0-0 Rhe8 18. Rf3 Qd6 19. a6 b6 20. Raf1 Nxe3 21. Rxe3 Qxd4 22. Rff3 Nf6 23. Kh1 Rxe3 24. Rxe3 Qxf4 25. g3 Qf5 26. Kg2 Nd5 27. Nxd5 Qxd5+ 28. Kf2 Qf5+ 29. Rf3 Qc5+ 30. Kg2 Qd5 31. Kf2 f6 32. Rd3 Qc5+ 33. Re3 Re8 34. Kf3 Qxe3+ 35. Qxe3 Rxe3+ 36. Kxe3 Kd7 37. Kd3 Kd6 38. Kd4 g5 39. Ke4 Ke6 0-1